| 000 | 00728cab a22002175a 4500 | ||
|---|---|---|---|
| 001 | L157466 | ||
| 008 | 121218e2012 xxk 000 0 eng d | ||
| 035 | _a(Sirsi) u157466 | ||
| 041 | 0 | _aeng | |
| 100 | 1 | _aWithers, Iain | |
| 245 | 0 | 0 | _aGovernment wants UK to be BIM global leader |
| 260 | _c2012 | ||
| 490 |
_aBuilding _v277 (8756) 07 December 2012, 14(1) |
||
| 520 | _aHighlights a 12 point action planpublished by the Department for Business, Innovation and Skills (BIS) to exploit the current opportunity to export UK BIM expertise to other countries. | ||
| 590 | _aKA | ||
| 650 | 2 | 4 | _aBUILDING INFORMATION MODELLING |
| 650 | 2 | 4 |
_aBIM _96219 |
| 651 | 4 | _aUNITED KINGDOM - 1973- | |
| 690 |
_aBIM _96219 |
||
| 942 | _n0 | ||
| 999 |
_c84394 _d84394 |
||